| 000 | 00676nam a22002295i 4500 | ||
|---|---|---|---|
| 001 | 12707 | ||
| 003 | ES-MaACL | ||
| 005 | 20230906150358.0 | ||
| 007 | t| | ||
| 008 | 921216s1992 sp ||||0| spa | ||
| 020 | _a84-7232-654-3 | ||
| 080 | _a860(866)-31"18" | ||
| 100 | 1 |
_aMartínez, Luis A. _977783 |
|
| 245 | 1 | 0 |
_aA la costa / _cLuis A. Martínez. |
| 260 |
_aMadrid : _bCultura Hispánica, _c1992. |
||
| 300 |
_a278 p. ; _c22 cm. |
||
| 490 | 1 |
_aBiblioteca literaria iberoamericana y filipina ; _v8 |
|
| 504 | _aBibliografía: p. 39. | ||
| 830 | 1 |
_aBiblioteca literaria iberoamericana y filipina ; _v8 _9178172 |
|
| 852 |
_aES-MaACL _jL-20076 |
||
| 999 |
_c12707 _d12707 |
||